000 00869nam a2200241Ia 4500
003 OSt
005 20220918110657.0
006 a|||||r|||| 00| 0
007 ta
008 220915b |||||||| |||| 00| 0 hin d
024 _a216531
037 _cReference Collections
040 _aARTS
_cARTS
_bhin
041 _2hin
_ahin
082 _aP111,3:4k, 152M2(RR)
100 _aदिग्विजय, बी नारायण
_98937
245 0 _aशब्द कोश हिन्दी-डचः डच हिन्दी
246 _aShabda kosh hindī-ḍachah ḍach hindī
260 _aअमेरीका
_bजनमेल पुस्तक सदन
_c1982
300 _a286पृ0
942 _hP111,3:4k, 152M2(RR)
_cREF
999 _c113939
_d113939